Ảnh hưởng của chương trình khách hàng thân thiết đến hành vi mua lặp lại của khách hàng tại các siêu thị thành phố Cần Thơ : Luận văn tốt nghiệp cao học. Chuyên ngành Quản trị kinh doanh

Nghiên cứu xây dựng thang đo các yếu tố tác động đến giá trị khách hàng khi mua sắm tại các STĐT trên địa bàn TPCT; Đo lường và đánh giá mức độ ảnh hưởng của chương trình khách hàng thân thiết đến hành vi mua lặp lại của khách hàng tại các...

وصف كامل

محفوظ في:
التفاصيل البيبلوغرافية
المؤلف الرئيسي: Nguyễn, Thị Nhẩn
التنسيق: كتاب
اللغة:Undetermined
منشور في: Cần Thơ Trường Đại học Cần Thơ 2016
الموضوعات:
الوسوم: إضافة وسم
لا توجد وسوم, كن أول من يضع وسما على هذه التسجيلة!
Thư viện lưu trữ: Trung tâm Học liệu Trường Đại học Cần Thơ
LEADER 01515nam a2200217Ia 4500
001 CTU_212247
008 210402s9999 xx 000 0 und d
082 |a 658.834 
082 |b Nh121 
088 |a 60340102 
100 |a Nguyễn, Thị Nhẩn 
245 0 |a Ảnh hưởng của chương trình khách hàng thân thiết đến hành vi mua lặp lại của khách hàng tại các siêu thị thành phố Cần Thơ : 
245 0 |b Luận văn tốt nghiệp cao học. Chuyên ngành Quản trị kinh doanh 
245 0 |c Nguyễn Thị Nhẩn ; Lưu Tiến Thuận (Hướng dẫn khoa học) 
260 |a Cần Thơ 
260 |b Trường Đại học Cần Thơ 
260 |c 2016 
520 |a Nghiên cứu xây dựng thang đo các yếu tố tác động đến giá trị khách hàng khi mua sắm tại các STĐT trên địa bàn TPCT; Đo lường và đánh giá mức độ ảnh hưởng của chương trình khách hàng thân thiết đến hành vi mua lặp lại của khách hàng tại các siêu thị trên địa bàn TPCT; Đề xuất giải pháp nhằm tăng giá trị khách hàng để tăng hành vi mua lại thực sự của khách hàng tại siêu thị trên địa bàn TPCT 
650 |a Hành vi tiêu dùng,Consumer behavior 
904 |i Nguyên 
980 |a Trung tâm Học liệu Trường Đại học Cần Thơ